Normal view
MARC view
Entry Personal Name
001 - CONTROL NUMBER
- control field: 239180
003 - CONTROL NUMBER IDENTIFIER
- control field: OSt
005 - DATE AND TIME OF LATEST TRANSACTION
- control field: 20250917161029.0
008 - FIXED-LENGTH DATA ELEMENTS
- fixed length control field: 250917|| aca||aabn | a|a d
040 ## - CATALOGING SOURCE
- Original cataloging agency: OSt
- Transcribing agency: OSt
100 ## - HEADING--PERSONAL NAME
- Personal name: Sharadatanaya
- Dates associated with a name: ಶಾರದಾತನಯ
670 ## - SOURCE DATA FOUND
- Source citation: Work cat.: (OSt)113656: CHELLURI SITARAJESHVARIRAV 239159, Mamaravello kogileyello, 1984